India (Record no. 26787)

MARC details
000 -LEADER
fixed length control field 00270nam a2200121Ia 4500
082 ## - DEWEY DECIMAL CLASSIFICATION NUMBER
Classification number 954
Item number IMB
100 ## - MAIN ENTRY--AUTHOR NAME
Personal name Boesch, Hans
245 #0 - TITLE STATEMENT
Title India
260 ## - PUBLICATION, DISTRIBUTION, ETC. (IMPRINT)
Place of publication Delhi
Name of publisher Oxford and IBH
Year of publication 1975
700 ## - ADDED ENTRY--PERSONAL NAME
Personal name Walter
942 ## - ADDED ENTRY ELEMENTS (KOHA)
Koha item type Books
Holdings
Withdrawn status Lost status Damaged status Not for loan Home library Current library Date acquired Cost, normal purchase price Full call number Accession Number Koha item type
        RRII Library RRII Library 16/12/2021 300.00 954 IMB 07418 Books